00757nam a2200193 i 4500001000700000003000900007005001700016008004100033080001500074100003100089245012200120260013700242300002100379502004600400504002700446650003300473710003000506852002700536180627ES-MaACL20250815111837.0120619s1976 sp |||| | spa d a543(043.2)1 aGarcía Beltrán, Lydia.10aEstudio y aplicaciones analíticas de isonitrosoacetilderivados para-sustituidos / c[por] Lydia García Beltrán. aBarcelona : bUniversidad de Barcelona, Secretariado de Publicaciones, Intercambio Científico y Extensión Universitaria, c1976. a19 p. ; c24 cm. aTesis-Universidad de Barcelona (Extracto) aBibliografía: p. 19.07aQuímica analítica2embne2 aUniversidad de Barcelona. aES-MaACLjE-15362(166)